Science Quiz

Random Science or Biology Quiz

Branches of Science Quiz Stats

 Plays Quiz not verified by Sporcle

Challenge
Share
Tweet
Embed
Score 0/18 Timer 05:00
0 Plays Today
Definition Branch % Correct
The branch of biology that deals with the study of the structure of organisms and their partsAnatomy
75.3%
The scientific study of plants, including their physiology, structure, genetics, and ecologyBotany
73.4%
The branch of biology that studies the animal kingdomZoology
68.4%
The study of genes, genetic variation, and heredity in living organisms.Genetics
66.6%
The branch of biology that deals with the relations of organisms to one another and to their physical surroundings.Ecology
62.2%
The science and practice of the diagnosis, treatment, and prevention of disease.Medicine
59.7%
The science and technique of preparing and dispensing drugsPharmacy
59.4%
The branch of physical science that deals with the relations between heat and other forms of energy Thermodynamics
58.8%
The branch relating to the theory of Einstein that the laws of physics are the same for all non-accelerating observersRelativity
51.3%
Definition Branch % Correct
The branch of biology that deals with the normal functions of living organisms and their parts.Physiology
46.3%
The science that interprets the interaction of nutrients and other substances in food in relation to maintenance, growth, reproduction, health and disease of an organism.Nutrition
44.1%
The branch of mechanics that deals with the mathematical description of the motion and interaction of subatomic particlesQuantum Mechanics
41.9%
The branch of science concerned with the chemical and physico-chemical processes and substances which occur within living organisms.Biochemistry
38.9%
The study of the motion of bodies (including the special case in which bodies remain at rest) in accordance with the general principles first enunciated by Sir Isaac NewtonClassical Mechanics
38.4%
The study of a type of physical interaction that occurs between electrically charged particles.Electromagnetism
30%
The science and study of winemakingOenology
21.1%
The study of rates of chemical processesChemical Kinetics
18.5%
The branch of mechanics that uses classical mechanics to model molecular systemsMolecular Mechanics
15%

You're not logged in!

Compare scores with friends on all Sporcle quizzes.
OR
Log In

You Might Also Like...

Show Comments

Extras

Top Quizzes Today


Score Distribution

Your Account Isn't Verified!

In order to create a playlist on Sporcle, you need to verify the email address you used during registration. Go to your Sporcle Settings to finish the process.

Report this User

Report this user for behavior that violates our Community Guidelines.

Details: